Olympique Lyonnais en coupe d'Europe - Statistiques

Statistiques générales
  • Ce quiz a été pris 2 956 fois
    266 depuis la dernière actualisation
  • Le résultat moyen est 13 sur 20
Statistiques - réponses
Saison Compétition Parcours Club % Correct
2000-2001 Ligues des champions 3ème de la 2ème phase de groupe Bayern Munich
97%
2009-2010 Ligue des champions Demi finale Bayern Munich
97%
2019-2020 Ligue des champions 1/2 finale Bayern Munich
97%
2007-2008 Ligues des champions 8ème de finale Manchester United
97%
2024-2025 Ligue Europa 1/4 de finale Manchester United
97%
2016-2017 Ligue Europa 1/2 finale Ajax Amsterdam
89%
2008-2009 Ligue des champions 8ème de finale FC Barcelone
89%
2018-2019 Ligue des champions 1/8 de finale FC Barcelone
89%
2010-2011 Ligue des champions 8ème de finale Réal Madrid
88%
2013-2014 Ligue Europa 1/4 de finale Juventus de Turin
72%
2005-2006 Ligues des champions 1/4de finale Milan AC
66%
2004-2005 Ligues des champions 1/4 de finale PSV Eindhoven
62%
2006-2007 Ligues des champions 8ème de finale AS Rome
51%
2003-2004 Ligues des champions 1/4 de finale FC Porto
46%
2012-2013 Ligue Europa 1/16 de finale Tottenham Hotspur
36%
2017-2018 Ligue Europa 1/8 de finale CSKA Moscou
33%
2011-2012 Ligue des champions 8ème de finale APOEL Nicosie
31%
2015-2016 Ligue des champions Phase de groupe Zénith Saint-Pétersbourg
18%
2002-2003 Coupe UEFA 16ème de finale Denizlispor
2%
2001-2002 Coupe UEFA 8ème de finale FC Slovan Liberec
1%
Aucun quiz correspondant
Distribution des résultats
% des personnes avec chaque résultat
Percentile par nombre de réponses
Votre historique - résultats
Vous n’avez pas pris ce quiz depuis la dernière actualisation